An efficiency analysis of the selected enterprises in the Mekong river delta, Viet Nam : The research under the framework of the NTP Project (The Netherlands)
This study aims: To characterize enterprises in the Mekong Delta; To measure efficiency of the selected enterprises by using the Data Envenlopment Analysis (DES). Determining and comparing efficiency distributions of the selected enterprises in the MD;...
में बचाया:
| मुख्य लेखक: | |
|---|---|
| स्वरूप: | पुस्तक |
| भाषा: | Undetermined |
| प्रकाशित: |
Cần Thơ
Trường Đại học Cần Thơ
2008
|
| विषय: | |
| टैग : |
टैग जोड़ें
कोई टैग नहीं, इस रिकॉर्ड को टैग करने वाले पहले व्यक्ति बनें!
|
| Thư viện lưu trữ: | Trung tâm Học liệu Trường Đại học Cần Thơ |
|---|
| LEADER | 01132nam a2200229Ia 4500 | ||
|---|---|---|---|
| 001 | CTU_165179 | ||
| 008 | 210402s9999 xx 000 0 und d | ||
| 082 | |a 338.06 | ||
| 082 | |b Nh565 | ||
| 088 | |a 02/NPT-B2007 | ||
| 100 | |a Quan, Minh Nhut | ||
| 245 | 3 | |a An efficiency analysis of the selected enterprises in the Mekong river delta, Viet Nam : | |
| 245 | 4 | |b The research under the framework of the NTP Project (The Netherlands) | |
| 245 | 0 | |c Quan Minh Nhut | |
| 260 | |a Cần Thơ | ||
| 260 | |b Trường Đại học Cần Thơ | ||
| 260 | |c 2008 | ||
| 520 | |a This study aims: To characterize enterprises in the Mekong Delta; To measure efficiency of the selected enterprises by using the Data Envenlopment Analysis (DES). Determining and comparing efficiency distributions of the selected enterprises in the MD;... | ||
| 650 | |a Industrial productivity,Production (Economic theory),Production functions,Công nghiệp sản xuất,Sản xuất (Lý thuyết kinh tế),Chức năng sản xuất | ||
| 904 | |i Năm | ||
| 915 | |a KT | ||
| 980 | |a Trung tâm Học liệu Trường Đại học Cần Thơ | ||